[Event "Montevideo Duchamp Cup 7th"]
[Site "Montevideo"]
[Date "2024.02.08"]
[Round "8"]
[White "Krysa, Leandro Sergio"]
[Black "Acosta, Pablo Ismael"]
[Result "1/2-1/2"]
[WhiteElo "2541"]
[BlackElo "2479"]
[PlyCount "71"]
[EventDate "2024.02.01"]
[EventType "swiss"]
[EventRounds "9"]
[EventCountry "URU"]
[SourceTitle "CB07_2024"]
[SourceDate "2024.02.14"]
[SourceVersion "1"]
[SourceVersionDate "2024.02.14"]
[SourceQuality "1"]

1. Nf3 Nf6 2. c4 e6 3. g3 d5 4. Bg2 Nbd7 5. 0-0 dxc4 6. Qc2 c5 7. a4 Be7 8. Qxc4 Nb6 9. Qb3 c4 10. Qc2 a5 11. Na3 Bxa3 12. Rxa3 Nfd5 13. b3 cxb3 14. Qxb3 0-0 15. d3 Nd7 16. Bg5 f6 17. Bd2 b6 18. e4 Nc5 19. Qb1 Nb4 20. d4 Nca6 21. Rc1 Bb7 22. Re3 Rc8 23. Rxc8 Bxc8 24. Bf1 f5 25. exf5 Rxf5 26. Bh3 Rf8 27. Qe4 Nc7 28. Re1 Qf6 29. Bf4 Nbd5 30. Ng5 g6 31. Nxe6 Bxe6 32. Bxe6+ Qxe6 33. Qxe6+ Nxe6 34. Rxe6 Nxf4 35. gxf4 Rxf4 36. d5 1/2-1/2

[Event "Titled Tuesday intern op 12th Dec Early"]
[Site "Chess.com INT"]
[Date "2023.12.12"]
[Round "7"]
[White "Parfenov, Viktor N"]
[Black "Krysa, Leandro Sergio"]
[Result "1-0"]
[WhiteElo "2193"]
[BlackElo "2541"]
[PlyCount "59"]
[EventDate "2023.12.12"]
[EventType "swiss (blitz)"]
[EventRounds "11"]
[EventCountry "USA"]
[SourceTitle "CB51_2023"]
[SourceDate "2023.12.20"]
[SourceVersion "1"]
[SourceVersionDate "2023.12.20"]
[SourceQuality "1"]

1. d4 Nf6 2. c4 g6 3. Nc3 d5 4. Nf3 Bg7 5. Bf4 0-0 6. Rc1 dxc4 7. e4 Bg4 8. Bxc4 Bxf3 9. gxf3 Nh5 10. Be3 c6 11. f4 e6 12. Be2 Nf6 13. h4 b5 14. Bf3 b4 15. Na4 Nbd7 16. Rxc6 Qa5 17. b3 Rac8 18. Rxc8 Rxc8 19. 0-0 Nb6 20. Nc5 Nfd7 21. Qd2 Rd8 22. Rc1 Nf6 23. Nb7 Qb5 24. Nxd8 Qd7 25. Nc6 Ne8 26. Ne5 Qd8 27. Qxb4 Qxh4 28. Qb5 Nf6 29. a4 Nh5 30. Qe8+ 1-0

[Event "ARG-ch 98th"]
[Site "Buenos Aires"]
[Date "2023.11.07"]
[Round "11"]
[White "Krysa, Leandro Sergio"]
[Black "Peralta, Fernando"]
[Result "1/2-1/2"]
[WhiteElo "2546"]
[BlackElo "2580"]
[PlyCount "77"]
[EventDate "2023.10.28"]
[EventType "tourn"]
[EventRounds "11"]
[EventCountry "ARG"]
[EventCategory "7"]
[SourceTitle "CB46_2023"]
[SourceDate "2023.11.15"]
[SourceVersion "1"]
[SourceVersionDate "2023.11.15"]
[SourceQuality "1"]

1. g3 d5 2. Nf3 Nf6 3. Bg2 e6 4. 0-0 Be7 5. c4 0-0 6. d4 c6 7. Nc3 a5 8. Re1 Ne4 9. Bf4 f5 10. Nxe4 dxe4 11. Ne5 g5 12. Be3 c5 13. Qd2 cxd4 14. Bxd4 Bb4 15. Qe3 Bxe1 16. Rxe1 Ra6 17. c5 Nc6 18. Nxc6 Rxc6 19. f3 Qe7 20. fxe4 f4 21. gxf4 gxf4 22. Qb3 Rf7 23. e5 Rxc5 24. Bxc5 Qxc5+ 25. Kh1 Qxe5 26. Bf3 b5 27. Qd3 Bd7 28. Rg1+ Kh8 29. b3 Rg7 30. Rxg7 Qxg7 31. Qd2 Qa1+ 32. Kg2 Qg7+ 33. Kf2 e5 34. Qd6 h5 35. Be4 Kg8 36. Bd5+ Kh7 37. Be4+ Kg8 38. Bd5+ Kh7 39. Be4+ 1/2-1/2

[Event "ARG-ch 98th"]
[Site "Buenos Aires"]
[Date "2023.11.05"]
[Round "9"]
[White "Krysa, Leandro Sergio"]
[Black "Villca, Julian"]
[Result "1/2-1/2"]
[WhiteElo "2546"]
[BlackElo "2383"]
[PlyCount "92"]
[EventDate "2023.10.28"]
[EventType "tourn"]
[EventRounds "11"]
[EventCountry "ARG"]
[EventCategory "7"]
[SourceTitle "CB46_2023"]
[SourceDate "2023.11.15"]
[SourceVersion "1"]
[SourceVersionDate "2023.11.15"]
[SourceQuality "1"]

1. d4 d5 2. c4 e6 3. Nf3 Nf6 4. g3 c6 5. Bg2 Be7 6. 0-0 0-0 7. Nc3 a5 8. Ne5 Nfd7 9. Be3 b6 10. f4 Nxe5 11. dxe5 Nd7 12. cxd5 exd5 13. Qc2 Bc5 14. Bxc5 Nxc5 15. Rfd1 Kh8 16. Na4 Nxa4 17. Qxa4 Bd7 18. Qd4 Bg4 19. Rac1 Rc8 20. Rd2 Be6 21. Qf2 f5 22. exf6 Rxf6 23. e4 Bg8 24. Bh3 Rb8 25. e5 Rh6 26. Bg2 Qe7 27. Re1 Re6 28. Bh3 Rh6 29. Bg2 Re6 30. Rde2 g6 31. g4 Rf8 32. Rf1 Qb4 33. a3 Qc4 34. Qe3 Re7 35. b3 Qb5 36. Rd2 Be6 37. f5 gxf5 38. gxf5 Rxf5 39. Rxf5 Bxf5 40. Rf2 Bg6 41. Qg5 Qc5 42. Qf6+ Rg7 43. Qd8+ Rg8 44. Qf6+ Rg7 45. Qd8+ Rg8 46. Qf6+ Rg7 1/2-1/2

[Event "ARG-ch 98th"]
[Site "Buenos Aires"]
[Date "2023.10.29"]
[Round "2"]
[White "Acosta, Pablo Ismael"]
[Black "Krysa, Leandro Sergio"]
[Result "1/2-1/2"]
[WhiteElo "2482"]
[BlackElo "2546"]
[PlyCount "60"]
[EventDate "2023.10.28"]
[EventType "tourn"]
[EventRounds "11"]
[EventCountry "ARG"]
[EventCategory "7"]
[SourceTitle "CB46_2023"]
[SourceDate "2023.11.15"]
[SourceVersion "1"]
[SourceVersionDate "2023.11.15"]
[SourceQuality "1"]

1. d4 Nf6 2. Nf3 d5 3. c4 e6 4. g3 dxc4 5. Bg2 Nbd7 6. 0-0 c6 7. Qc2 b5 8. b3 cxb3 9. Qxc6 Rb8 10. axb3 Bb7 11. Qc2 Rc8 12. Qd3 a6 13. Ng5 Bxg2 14. Kxg2 Qb6 15. e4 h6 16. Nf3 Be7 17. Nbd2 0-0 18. Ba3 Bxa3 19. Rxa3 Nb8 20. Rfa1 b4 21. Ra4 Rc3 22. Qb1 Qb7 23. e5 Nd5 24. Ne4 Rfc8 25. Nfd2 Rc2 26. Kh3 Rxd2 27. Nxd2 Nc3 28. Qe1 Nxa4 29. Rxa4 Nc6 30. Ne4 Rd8 1/2-1/2

[Event "Julius Baer Play In"]
[Site "Chess.com INT"]
[Date "2023.07.24"]
[Round "8.70"]
[White "Krysa, Leandro Sergio"]
[Black "Hajiyev, Kanan"]
[Result "1-0"]
[WhiteElo "2549"]
[BlackElo "2164"]
[PlyCount "133"]
[EventDate "2023.07.24"]
[EventType "swiss (rapid)"]
[EventRounds "9"]
[EventCountry "GER"]
[SourceTitle "CBM 215 Extra"]
[Source "ChessBase"]
[SourceDate "2023.09.30"]
[SourceVersion "1"]
[SourceVersionDate "2023.09.30"]
[SourceQuality "1"]

1. Nf3 d5 2. g3 Nf6 3. Bg2 g6 4. c4 c6 5. b3 Bg7 6. Bb2 0-0 7. 0-0 Bg4 8. d3 Nbd7 9. Nbd2 a5 10. a3 Re8 11. Ne5 Nxe5 12. Bxe5 Qd7 13. Rc1 Qe6 14. d4 Bh3 15. e3 Bxg2 16. Kxg2 h5 17. cxd5 Nxd5 18. Bxg7 Kxg7 19. h4 Qd7 20. Nc4 Qf5 21. Qf3 Red8 22. Rfd1 e6 23. e4 Qxf3+ 24. Kxf3 Nf6 25. Ke3 Ng4+ 26. Ke2 Ra6 27. f3 Nf6 28. Ke3 Ne8 29. a4 Kf6 30. Ne5 Ke7 31. Rc5 Rb6 32. Rd3 Ra8 33. Nc4 Rba6 34. Kf4 Nd6 35. Kg5 f6+ 36. Kf4 Nf7 37. d5 e5+ 38. Ke3 Nd6 39. Nxd6 Kxd6 40. Rc2 c5 41. g4 Rh8 42. Rg2 hxg4 43. Rxg4 Rh6 44. Kd2 Ra8 45. Kc3 Rah8 46. Kc4 f5 47. Rg5 fxe4 48. fxe4 Rf8 49. Rdg3 Rf6 50. R3g4 b6 51. Kb5 Rf3 52. Rxg6+ Rxg6 53. Rxg6+ Kc7 54. Rc6+ Kd7 55. Rxb6 Rxb3+ 56. Kxc5 Re3 57. Rb7+ Kc8 58. Rh7 Rxe4 59. h5 Rxa4 60. h6 Rh4 61. d6 a4 62. Kc6 Rc4+ 63. Kd5 Rh4 64. Ke6 a3 65. d7+ Kc7 66. Rh8 Rd4 67. Rc8+ 1-0

[Event "Julius Baer Play In"]
[Site "Chess.com INT"]
[Date "2023.07.24"]
[Round "4.73"]
[White "Narayanan, Sunilduth Lyna"]
[Black "Krysa, Leandro Sergio"]
[Result "1-0"]
[WhiteElo "2656"]
[BlackElo "2549"]
[PlyCount "71"]
[EventDate "2023.07.24"]
[EventType "swiss (rapid)"]
[EventRounds "9"]
[EventCountry "GER"]
[SourceTitle "CBM 215 Extra"]
[Source "ChessBase"]
[SourceDate "2023.09.30"]
[SourceVersion "1"]
[SourceVersionDate "2023.09.30"]
[SourceQuality "1"]

1. e4 e5 2. Bb5 a6 3. Ba4 Nf6 4. d4 exd4 5. e5 Ne4 6. Qxd4 Nc5 7. Nf3 Nc6 8. Bxc6 dxc6 9. Qxd8+ Kxd8 10. 0-0 Be7 11. Nc3 h5 12. Be3 Ke8 13. h3 h4 14. Rad1 Rh5 15. Rd2 Be6 16. Rfd1 a5 17. Nd4 a4 18. a3 Bc4 19. f4 Ne6 20. Nxe6 Bxe6 21. Ne2 g5 22. f5 Bxf5 23. g4 hxg3 24. Nxg3 Bg6 25. Nxh5 Bxh5 26. Re1 Ra5 27. Bf2 g4 28. h4 Rb5 29. c3 c5 30. e6 Bd6 31. Rd5 Bg6 32. h5 Bh7 33. e7 Rxb2 34. Rg5 Rc2 35. Rg7 g3 36. Bxg3 1-0

[Event "Teplice op"]
[Site "Teplice"]
[Date "2023.06.16"]
[Round "7"]
[White "Krysa, Leandro Sergio"]
[Black "Audi, Ameya"]
[Result "1-0"]
[WhiteElo "2541"]
[BlackElo "2393"]
[PlyCount "157"]
[EventDate "2023.06.10"]
[EventType "swiss"]
[EventRounds "9"]
[EventCountry "CZE"]
[SourceTitle "CBM 214 Extra"]
[Source "ChessBase"]
[SourceDate "2023.07.31"]
[SourceVersion "1"]
[SourceVersionDate "2023.07.31"]
[SourceQuality "1"]

1. d4 Nf6 2. c4 g6 3. Nc3 Bg7 4. Nf3 0-0 5. Bg5 h6 6. Bh4 d6 7. e3 g5 8. Bg3 Nh5 9. Nd2 Nxg3 10. hxg3 Bf5 11. g4 Bh7 12. Nde4 c5 13. Bd3 Bxe4 14. Bxe4 cxd4 15. exd4 Nc6 16. Ne2 Rc8 17. b3 e6 18. Qd2 Re8 19. Bxc6 bxc6 20. 0-0 d5 21. Rac1 c5 22. dxc5 Rxc5 23. Rfd1 Qe7 24. Ng3 dxc4 25. Rxc4 Rxc4 26. bxc4 Rc8 27. Qd3 Qb4 28. Rc1 Bb2 29. Rc2 Be5 30. Nf1 a5 31. g3 a4 32. Nd2 a3 33. Kg2 Kg7 34. Nb3 Bb2 35. Nd2 Qa5 36. Nf3 Qa4 37. Qe4 Rd8 38. Ne5 Kg8 39. Nf3 Rd1 40. Qe2 Rd7 41. c5 Qc6 42. Kh2 Rd8 43. Nd2 Bg7 44. Nb3 Bf6 45. Rd2 Rxd2 46. Qxd2 Qf3 47. Qc2 Be5 48. c6 Bc7 49. Nd4 Qd5 50. Ne2 Qe5 51. Qc4 Qb2 52. Kg2 Bb6 53. Kf1 Qb1+ 54. Nc1 Bc7 55. Kg2 Qb2 56. Nd3 Qe2 57. Kg1 Bb6 58. Qb3 Bc7 59. Qxa3 Qc2 60. Nb4 Qb1+ 61. Kh2 Bd6 62. Qb3 Qf1 63. Qc2 Qb5 64. a3 Qa5 65. Qd3 Qc5 66. Kg2 Bc7 67. Qe3 Qc4 68. Qa7 Qe4+ 69. Kh2 Qf3 70. Qe3 Qxg4 71. Na6 Bd6 72. Qd3 Be5 73. c7 Bxc7 74. Nxc7 h5 75. Qd8+ Kh7 76. Qf6 Kg8 77. Ne8 Kf8 78. Nd6 Qd1 79. Qxf7# 1-0

[Event "Teplice op"]
[Site "Teplice"]
[Date "2023.06.13"]
[Round "4"]
[White "Krysa, Leandro Sergio"]
[Black "Sargsyan, Shant"]
[Result "1/2-1/2"]
[WhiteElo "2541"]
[BlackElo "2640"]
[PlyCount "60"]
[EventDate "2023.06.10"]
[EventType "swiss"]
[EventRounds "9"]
[EventCountry "CZE"]
[SourceTitle "CBM 214 Extra"]
[Source "ChessBase"]
[SourceDate "2023.07.31"]
[SourceVersion "1"]
[SourceVersionDate "2023.07.31"]
[SourceQuality "1"]

1. d4 Nf6 2. c4 e6 3. Nf3 d5 4. g3 Be7 5. Bg2 0-0 6. 0-0 c6 7. Nc3 a5 8. Bf4 Nbd7 9. h4 dxc4 10. e4 Re8 11. d5 exd5 12. exd5 Nxd5 13. Nxd5 cxd5 14. Qxd5 Nc5 15. Qxc4 Be6 16. Qc2 Qd3 17. Qxd3 Nxd3 18. Be3 Bf6 19. Bd4 Rad8 20. Bxf6 gxf6 21. Rfd1 Bg4 22. Rd2 Rd7 23. Nh2 Bf5 24. Nf1 Red8 25. Ne3 Be6 26. Rad1 Nxb2 27. Rxd7 Rxd7 28. Rxd7 Bxd7 29. Bxb7 Be6 30. a3 Kf8 1/2-1/2

[Event "Titled Tuesday intern op 16th May Early"]
[Site "Chess.com INT"]
[Date "2023.05.16"]
[Round "7"]
[White "Czerw, Dawid"]
[Black "Krysa, Leandro Sergio"]
[Result "1-0"]
[WhiteElo "2407"]
[BlackElo "2541"]
[PlyCount "49"]
[EventDate "2023.05.16"]
[EventType "swiss (blitz)"]
[EventRounds "11"]
[EventCountry "USA"]
[SourceTitle "CBM 214 Extra"]
[Source "ChessBase"]
[SourceDate "2023.07.31"]
[SourceVersion "1"]
[SourceVersionDate "2023.07.31"]
[SourceQuality "1"]

1. e4 e5 2. Nf3 Nc6 3. Bb5 a6 4. Ba4 Nf6 5. d4 exd4 6. 0-0 Be7 7. e5 Ne4 8. Nxd4 Nc5 9. Nf5 0-0 10. Qg4 g6 11. Nxe7+ Qxe7 12. Bxc6 dxc6 13. Qg3 Bf5 14. Nc3 h5 15. Bg5 Qe6 16. Rfe1 Bxc2 17. Ne2 Ne4 18. Nd4 Qd5 19. Rxe4 Bxe4 20. Bf6 Qxd4 21. Qf4 Kh7 22. Re1 c5 23. e6 fxe6 24. Qxc7+ Kh6 25. Qg7# 1-0

[Event "Titled Tuesday intern op 16th May Early"]
[Site "Chess.com INT"]
[Date "2023.05.16"]
[Round "1"]
[White "Krysa, Leandro Sergio"]
[Black "Koutsin, Sergey"]
[Result "1-0"]
[WhiteElo "2541"]
[BlackElo "2481"]
[PlyCount "115"]
[EventDate "2023.05.16"]
[EventType "swiss (blitz)"]
[EventRounds "11"]
[EventCountry "USA"]
[SourceTitle "CBM 214 Extra"]
[Source "ChessBase"]
[SourceDate "2023.07.31"]
[SourceVersion "1"]
[SourceVersionDate "2023.07.31"]
[SourceQuality "1"]

1. e4 e6 2. d4 d5 3. Nc3 Nf6 4. e5 Nfd7 5. Nce2 c5 6. c3 Be7 7. Nf3 0-0 8. g3 Nc6 9. Bg2 f6 10. Nf4 Nb6 11. Qe2 fxe5 12. dxe5 Qc7 13. h4 Bd7 14. 0-0 Rae8 15. Bh3 Bd8 16. b3 Bc8 17. Bd2 Kh8 18. Rfe1 Qe7 19. Ng5 Qd7 20. Qh5 Bxg5 21. Ng6+ Kg8 22. Nxf8 Rxf8 23. Bxg5 Qf7 24. Qxf7+ Rxf7 25. Rad1 h6 26. Bf4 Bd7 27. h5 Nc8 28. Bg4 N8e7 29. Kg2 Nf5 30. Be2 Be8 31. Bb5 a6 32. Be2 Rf8 33. Bg4 Nce7 34. Rh1 Bc6 35. Bf3 Nc8 36. c4 Nfe7 37. cxd5 Nxd5 38. Bd2 Ne3+ 39. Bxe3 Bxf3+ 40. Kh3 Bxh1 41. Rxh1 b6 42. Rd1 Ne7 43. Rd6 Nd5 44. Rxe6 Rd8 45. Kg4 Kf7 46. Rc6 Nxe3+ 47. fxe3 Rd2 48. Rxb6 Rxa2 49. e6+ Ke7 50. Kf5 Re2 51. e4 Rf2+ 52. Ke5 Rd2 53. Rxa6 Kf8 54. Ra8+ Ke7 55. Rg8 Rd3 56. Rxg7+ Kf8 57. e7+ Ke8 58. Ke6 1-0

[Event "Titled Tuesday intern op 16th May Early"]
[Site "Chess.com INT"]
[Date "2023.05.16"]
[Round "9"]
[White "Krysa, Leandro Sergio"]
[Black "Shapiro, Viktor"]
[Result "1-0"]
[WhiteElo "2541"]
[BlackElo "2192"]
[PlyCount "75"]
[EventDate "2023.05.16"]
[EventType "swiss (blitz)"]
[EventRounds "11"]
[EventCountry "USA"]
[SourceTitle "CBM 214 Extra"]
[Source "ChessBase"]
[SourceDate "2023.07.31"]
[SourceVersion "1"]
[SourceVersionDate "2023.07.31"]
[SourceQuality "1"]

1. e4 Nf6 2. e5 Nd5 3. d4 d6 4. c4 Nb6 5. f4 dxe5 6. fxe5 c5 7. d5 g6 8. Nc3 Bg7 9. Bf4 0-0 10. Bd3 e6 11. d6 Nc6 12. Nf3 Nd7 13. Qe2 Nd4 14. Nxd4 cxd4 15. Nb5 Qa5+ 16. Bd2 Qb6 17. Bf4 Qc5 18. 0-0 a6 19. Nc7 Rb8 20. Rae1 Nb6 21. Qd2 Nxc4 22. Qc2 b5 23. b3 Bb7 24. bxc4 bxc4 25. Qxc4 Qa7 26. Rb1 Rfc8 27. Rfc1 g5 28. Bg3 h5 29. h3 h4 30. Bh2 Bd5 31. Rxb8 Qxb8 32. Qxd4 a5 33. Rb1 Bb7 34. Be4 Bxe4 35. Rxb8 Rxb8 36. Qxe4 Rb2 37. d7 Rd2 38. Qa8+ 1-0

[Event "Titled Tuesday intern op 16th May Early"]
[Site "Chess.com INT"]
[Date "2023.05.16"]
[Round "11"]
[White "Tanmay, Jain"]
[Black "Krysa, Leandro Sergio"]
[Result "1/2-1/2"]
[WhiteElo "2132"]
[BlackElo "2541"]
[PlyCount "128"]
[EventDate "2023.05.16"]
[EventType "swiss (blitz)"]
[EventRounds "11"]
[EventCountry "USA"]
[SourceTitle "CBM 214 Extra"]
[Source "ChessBase"]
[SourceDate "2023.07.31"]
[SourceVersion "1"]
[SourceVersionDate "2023.07.31"]
[SourceQuality "1"]

1. e4 c5 2. Nf3 d6 3. d4 cxd4 4. Nxd4 Nf6 5. Nc3 Nc6 6. g3 g6 7. Bg2 Nxd4 8. Qxd4 Bg7 9. 0-0 0-0 10. Qd1 Bg4 11. Qe1 Qd7 12. Be3 Bh3 13. f3 Bxg2 14. Kxg2 Qc6 15. Qd2 Nd7 16. Bd4 Ne5 17. Nd5 Rfe8 18. c3 e6 19. Nb4 Qc7 20. Nd3 Nc4 21. Qf2 Bxd4 22. cxd4 Qb6 23. Rac1 Rac8 24. b3 Na3 25. Nb2 Nb5 26. Nc4 Qd8 27. Rfd1 d5 28. exd5 exd5 29. Ne5 Rxc1 30. Rxc1 f6 31. Nd3 Qe7 32. Re1 Qf7 33. Rxe8+ Qxe8 34. Nf4 Nc7 35. Qd2 b6 36. Kf2 Kf7 37. Qd3 Qd7 38. Kg2 Ne6 39. Qe3 Nxf4+ 40. Qxf4 g5 41. Qd2 h5 42. Qd3 Kg7 43. Qe3 a5 44. Qd3 Qe6 45. Qd2 g4 46. Qd3 Kh6 47. fxg4 hxg4 48. Qd2+ Kg6 49. Kf2 Qe4 50. Qf4 Qxf4+ 51. gxf4 b5 52. a3 b4 53. a4 Kh5 54. Kg3 f5 55. h3 gxh3 56. Kxh3 Kg6 57. Kg3 Kh6 58. Kh3 Kg6 59. Kg3 Kh6 60. Kh3 Kh5 61. Kg3 Kg6 62. Kh3 Kh6 63. Kg3 Kh5 64. Kh3 Kg6 1/2-1/2

[Event "ChessKid Cup Play In"]
[Site "Chess.com INT"]
[Date "2023.05.01"]
[Round "9"]
[White "Krysa, Leandro Sergio"]
[Black "Amin, Bassem"]
[Result "0-1"]
[WhiteElo "2541"]
[BlackElo "2691"]
[PlyCount "106"]
[EventDate "2023.05.01"]
[EventType "swiss (blitz)"]
[EventRounds "9"]
[EventCountry "USA"]
[SourceTitle "CBM 214 Extra"]
[Source "ChessBase"]
[SourceDate "2023.07.31"]
[SourceVersion "1"]
[SourceVersionDate "2023.07.31"]
[SourceQuality "1"]

1. Nf3 f5 2. d4 Nf6 3. Bg5 e6 4. Nbd2 d5 5. e3 Bd6 6. c4 c6 7. Bd3 0-0 8. 0-0 h6 9. Bf4 Bxf4 10. exf4 Ne4 11. Ne5 Qb6 12. Nb3 Nd7 13. f3 Nef6 14. Kh1 dxc4 15. Bxc4 Nd5 16. Qd2 N7f6 17. Rfe1 a5 18. Nc5 Qb4 19. Qc2 Nxf4 20. a3 Qb6 21. Qxf5 N4d5 22. Qc2 Qc7 23. Rac1 Ne8 24. Ba2 Nd6 25. Bb1 Nf6 26. Ng4 Qf7 27. Nxf6+ Qxf6 28. Qh7+ Kf7 29. Nd3 Ke7 30. Ne5 Kd8 31. Qc2 Bd7 32. Qc5 Kc7 33. Ba2 Rfe8 34. Re2 Nf5 35. Rce1 Qh4 36. Nc4 Qxd4 37. Qxd4 Nxd4 38. Rd2 c5 39. Ne5 b6 40. b4 axb4 41. axb4 Bb5 42. bxc5 bxc5 43. Rc1 Kd6 44. Nf7+ Ke7 45. Ne5 Rec8 46. h3 g5 47. Rb2 h5 48. Kh2 Kf6 49. Re1 c4 50. Rd2 c3 51. Rxd4 Rxa2 52. f4 Re2 53. Rf1 c2 0-1